000 01274cam a2200277 i 4500
003 SA-RiAUC
005 20250515064236.0
008 250513s1973 le g 00010 ara c
040 _aSA-RiAUC
_bara
_cSA-RiAUC
_erda
043 _ae-----
050 4 _bM35 1973
082 0 4 _a953.00072094
_qSA-RiAUC
090 _a953.00072094
_b م ك ل
100 1 _aمكلوكلين، ل. ج.،
_d1935-
_eمؤلف.
245 1 2 _aالدراسات العربية والإسلامية في بعض البلاد الأوربية :
_bمحاضرات ألقيت على طلبة دبلوم الدراسات العربية والإسلامية /
_cألقاها لسلي مكلوخلن [ومجموعة آخرون].
264 1 _aبيروت :
_bجامعة بيروت العربية،
_c1973
300 _a64 صفحة ؛
_c24 سم
336 _aنص
_btxt
_2rdacontent
_3كتاب
337 _aبدون وسيط
_bn
_2rdamedia
338 _aمجلد
_bnc
_2rdacarrier
650 7 _aاللغة العربية
_xدراسة وتعليم
_zأوروبا
_2aucsh
650 7 _aالإسلام
_xدراسة وتعليم
_zأوروبا
_2aucsh
650 7 _aالاستشراق والمستشرقون
_zأوروبا
_2aucsh
942 _2ddc
_cBOOK
_n0
949 _aSA-JeALM
_d250513
_umohamedma123
_n1
999 _c7929
_d7929